000 00516cam a2200193ua 4500
001 874
008 110421n ii |||gr||||Z||||||eng
020 _a81-237-1782-=2
040 _cMAIN
082 _a351
245 1 _aPublic administration in India.
_cBy Padma Ramachandran.
250 _a1st.
260 _aNew Delhi.:
_bNational book trust.,995.
300 _axxiii, 260 p.:
_c20 cm.
653 _aPolitical science.
653 _aPublic administration in India.
700 1 _aRamachandan, Padma.,
942 _cBK
999 _c797
_d797